|
|
|
|
| LEADER |
00979nam a2200229 i 4500 |
| 001 |
c000307778 |
| 003 |
CARM |
| 005 |
00000000000000.0 |
| 008 |
840316s1962 enk 0 eng d |
| 019 |
1 |
|
|a 4047373
|5 LACONCORD2021
|
| 035 |
|
|
|a (OCoLC)1467743
|5 LACONCORD2021
|
| 082 |
0 |
4 |
|a 616.994
|
| 100 |
1 |
|
|a Petrov, Nikolai Nikolaevich,
|d 1875-
|
| 245 |
1 |
0 |
|a Cancer :
|b a general guide to research and its treatment /
|c Edited by N.N. Petrov ; Translated by A.P. Fletcher.
|
| 260 |
|
|
|a Oxford :
|b Pergamon Press,
|c 1962.
|
| 300 |
|
|
|a 387 p. :
|b illus.
|
| 500 |
|
|
|a "Written by Professor N.N. Petrov and his colleagues" at the Institute of Oncology of the Academy of Medical Sciences of the U. S. S. R.
|
| 650 |
|
0 |
|a Cancer.
|
| 650 |
|
0 |
|a Oncology.
|
| 852 |
8 |
|
|b CARM
|h A3:AR03G0
|i B10716
|p 0506343
|f BK
|
| 999 |
f |
f |
|i 127e6953-5e35-5431-b8fb-40196d764a27
|s d0a77d02-541b-54c0-bca7-361211bcb78b
|
| 952 |
f |
f |
|p Can circulate
|a CAVAL
|b CAVAL
|c CAVAL
|d CARM 1 Store
|e B10716
|f A3:AR03G0
|h Other scheme
|i book
|m 0506343
|